000 01476nam a2200241Ia 4500
003 OSt
005 20210727142810.0
008 210310s1975 eu gr 000 0 spa d
040 _aCO-JMCR
_cCO-JMCR
041 0 _aspa
082 0 4 _a332.722 /
_bO686i
_223
110 2 _aOrganización de los Estados Americanos - OEA
_938787
245 1 0 _aIncidencia de un incremento en el ahorro destinado a la financiación de vivienda en Colombia /
_cOrganización de los Estados Americanos
260 _aWashington :
_bOrganización de los Estados Americanos,
_c1975
300 _aii, 151 páginas ;
_c28 cm.
500 _aIncluye notas a pie de página.
505 0 _aEl sistema de corrección monetaria y el mercado de capitales -- Evaluación del impacto sobre el empleo, las importaciones y el crecimiento de la economía de un incremento e las inversiones en vivienda -- Comparación del impacto socio-económico de disminuir la inversión en los sectores industrial y agropecuario para dedicarla a la construcción de vivienda -- Análisis del impacto de los distintos tipos de construcción de viviendas sobre la generación de empleo y costos -- Reformas recientes al sistema de valor constante y algunos de sus principales efectos
650 1 4 _aPolítica económica
_916595
_zColombia
650 1 4 _aMercado de capitales
_ximpacto
_zColombia
_938788
650 1 4 _aAhorro y préstamo hipotecario
_zColombia
_938789
650 2 4 _aEstrategias de desarrollo
_938790
942 _2ddc
_cBK
999 _c8195
_d8195